000 01097nam a2200301 i 4500
001 bg
003 KOSZ 005
005 20240405063047.0
008 970510s1993 pl |001 0 pol
015 _aPB 1993/3873
020 _a8301111267
040 _aWA N
_cKOSZ 005/RW
_dKOSZ 005/HR
080 _a94(438).082
080 _a94(477)"1939/1945"
100 1 _aTorzecki, Ryszard
_d(1925-2003)
_eAutor
245 1 0 _aPolacy i Ukraińcy :
_bsprawa ukraińska w czasie II wojny światowej na terenie II Rzeczypospolitej /
_cRyszard Torzecki.
260 _aWarszawa :
_bWydaw. Naukowe PWN,
_c1993.
300 _a348, [1] s. ;
_c21 cm.
504 _aBibliogr. s. 327-336. - Indeks.
650 4 _aUkraina
_xa Polska
_y1939-1945 r.
650 4 _aWojna 1939-1945 r.
_zPolska.
650 4 _aWojna 1939-1945 r.
_zUkraina.
648 4 _a1901-2000
648 4 _a1939-1945
710 2 _aWydawnictwo Naukowe PWN
_4pbl.
856 _uhttp://koha.tu.koszalin.pl/cgi-bin/koha/opac-detail.pl?biblionumber=29774
_yKatalog online BPK
942 _2UKD
_cKS
999 _c29774
_d29774